Statistics for Double S Answers

Click here to take the quiz!

General Stats

  • This quiz has been taken 13,827 times
    (8,275 since last reset)
  • The average score is 13 of 20

Answer Stats

Hint Answer % Correct
Largest country by land areaRussia
99%
The M in E = MC2Mass
85%
Element with symbol KPotassium
85%
Between the Cretaceous and TriassicJurassic
82%
EU capitalBrussels
81%
Athena or Hera, for exampleGoddess
81%
Word that comes before cheese,
chocolate, and Franc
Swiss
74%
Like a recession, but worseDepression
72%
Arafat's first nameYasser
71%
It's bad luck for a sailor to kill
this type of bird
Albatross
65%
Splitting the atomFission
65%
Profit before operating expensesGross
60%
Double reed instrumentBassoon
56%
Brand of jeans whose emblem is a ?Guess
50%
They want to rock and roll all night
(and party every day)
KISS
50%
9/10ths of the lawPossession
50%
Sport of "horse ballet"Dressage
49%
White flower associated with AustriaEdelweiss
49%
Cunning hero who came up with the
idea for the Trojan Horse
Odysseus
45%
When seders are heldPassover
32%

Score Distribution

Percentile by Number Answered

Percent of People with Each Score

Your Score History

You have not taken this quiz since the last reset